000
00260nam a22001217a 4500
008
180921b xxu||||| |||| 00| 0 eng d
041
_a
eng
080
_a
159.9
100
_a
49
101
_a
PSI
245
_a
Adult Friendship
_c
Blieszner, R
942
_2
udc
_c
BK
999
_c
48171
_d
48171